01734 2200241 4500001002100000005001500021035002000036008004100056020001800097082001200115084001800127100001600145245003800161260002600199300002300225650001700248650002100265520116200286990001101448990001101459990001101470990001101481INLIS00000000000366720260414093921 a0010-0621003267260414 g 0 ind  a979-8591-37-2 a020.310 a020.310 SIM s1 aSimpson, Is1 aStatistika Dasar Untuk Pustakawan aBandung :bITB,c1995 a237 hlm. ;c21 cm. 4aPerpustakaan 4aMetode Statistik aStatistika dasar untuk pustakawan Dewasa ini, semakin rumitnya pekerjaan di bidang perpustakaan menuntut pustakawan dan pakar informasi berwawasan lebih luas, antara lain menguasai statistika. Pengetahuan statistika sederhana sebagaimana yang disajikan dalam buku ini membimbing pustakawan agar mampu menyajikan dan menilai data angka dalam laporan tahunan, atau menulis makalah yang mudah dipahami dan didukung oleh fakta dan angka. Tujuan buku ini memberi pustakawan, yang awam atau baru mengenal statistika, pengertian mengenai statistika, metode clan penggunaannya. Banyak contoh disertakan sebagian besar diambil dari data yang bersifat khas perpustakaan, seperti contoh mengenai sebaran peminjam buku, jumlah pertanyaan yang dapat ditangani pustakawan dalam waktu tertentu, jumlah buku per rak, jumlah buku yang harus disampul ulang. Beberapa contoh menyangkut data dan keadaan sebenarnya yang terjadi di sejumlah perpustakaan. Dari buku yang memang sengaja ditulis bagi pustakawan dan pakar informasi ini diharap dapat ditarik manfaat yang sebesar-besarnya. Tentu saja bagi mahasiswa jurusan ilmu perpustakaan pun buku ini akan sangat bermanfaat.iwn. a024999 a024996 a024997 a024998